000 00209 a2200097 4500
001 1116
100 _aStewart, W.E
245 _aMagnetic recording techniques
260 _a
_bMcgrawhill
_c
090 _c679
_d679
942 _aNUST-CAE
_cM
_c33366
999 _c236189
_d236189